Epic images and contemporary history : the illustrations of the great Mongol Shahnama /

Bibliographic Details
Main Author: Grabar, Oleg
Other Authors: Blair, Sheila
Format: Book
Language:English
Published: Chicago : University of Chicago Press, 1980.
Subjects:

MARC

Tag First Indicator Second Indicator Subfields
LEADER 00000pam a2200000 a 4500
001 in00000076692
005 20151008053740.0
008 800116s1980 iluaf b 00110 engm
010 |a  80000305  
020 |a 0226305856 
035 |a (OCoLC)05992196 
035 |9 AAH8514AM 
040 |a DLC  |c DLC  |d m.c.  |d TXA  |d UtOrBLW 
049 |a TXAM  |c [387114] 
050 0 0 |a ND3399.F5  |b G7 
082 0 |a 745.6/7/0955 
100 1 |a Grabar, Oleg. 
245 1 0 |a Epic images and contemporary history :  |b the illustrations of the great Mongol Shahnama /  |c Oleg Grabar and Sheila Blair. 
264 1 |a Chicago :  |b University of Chicago Press,  |c 1980. 
300 |a xiv, 210 pages, 6 unnumbered pages of plates :  |b illustrations (some color) ;  |c 23 cm. 
336 |a text  |b txt  |2 rdacontent 
337 |a unmediated  |b n  |2 rdamedia 
338 |a volume  |b nc  |2 rdacarrier 
504 |a Includes bibliographical references and index. 
600 0 0 |a Firdawsī.  |t Shāhnāmah  |x Illustrations. 
700 1 |a Blair, Sheila. 
999 |a MARS 
999 f f |s 9b527fc4-d02b-35dd-99be-65576ca909c5  |i 4dc89ca8-c2c1-33f0-8675-c74411c2bb3f  |t 0 
952 f f |p normal  |a Texas A&M University  |b College Station  |c Sterling C. Evans Library  |d Evans: Library Stacks  |t 0  |e ND3399.F5 G7  |h Library of Congress classification  |i unmediated -- volume  |m A14806170321 
998 f f |a ND3399.F5 G7  |t 0  |l Evans: Library Stacks